| 000 | 00556nam a2200193 i 4500 | ||
|---|---|---|---|
| 001 | 134022 | ||
| 003 | ES-MaACL | ||
| 005 | 20250802101705.0 | ||
| 007 | t| | ||
| 008 | 070904s1972 sp ||||1| spa d | ||
| 100 | 1 |
_aWest, Morris L. _9116550 |
|
| 245 | 1 | 3 |
_aEl verano del Lobo Rojo / _cMorris L. West ; [traducción: Andrés Bosch]. |
| 250 | _a1ª ed. | ||
| 260 |
_aBarcelona : _bNoguer, _c1972. |
||
| 300 |
_a272 p. ; _c23 cm. |
||
| 700 | 1 |
_aBosch, Andrés, _d1926-1984 _9160182 |
|
| 852 |
_aES-MaACL _jC-42613 _bR.81609 |
||
| 999 |
_c134022 _d134022 |
||